000 00394nam a2200145Ia 4500
008 240624s9999 xx 000 0 und d
041 _aeng
082 _a519.5024 GIV
100 _aGIVENTER LAWRENCE L
245 _aSTATISTICAL ANALYSIS FOR PUBLIC ADMINIST
250 _a(2nd ed.)
260 _c2008
_aLondon
_bJones and Bartlett Publishers
300 _axiii, 462 p.; 23 cm.
365 _c
_b30
999 _c30343
_d30343